Aktuálne problémy medzinárodnej ekonomickej integrácie krajín Latinskej Ameriky

História medzinárodnej ekonomickej integrácie krajín Latinskej Ameriky. Integračné zoskupenie Mercosur. Rámcový dohovor Mercosuru a Európskej únie o interregionálnej spolupráci. Andské spoločenstvo. MCCA - Mercado Común Centroamericano.

Na minha lista:
Detalhes bibliográficos
Autor principal: Baumgartner, Boris
Formato: Capítulo de Livro
Idioma:eslovaco
Assuntos:
Tags: Adicionar Tag
Sem tags, seja o primeiro a adicionar uma tag!

MARC

LEADER 00000nla$a2200000$$$4500
001 0112115
005 20240502072237.4
041 0 |a slo 
044 |a SK 
245 1 0 |a Aktuálne problémy medzinárodnej ekonomickej integrácie krajín Latinskej Ameriky  |c Boris Baumgartner 
520 |a História medzinárodnej ekonomickej integrácie krajín Latinskej Ameriky. Integračné zoskupenie Mercosur. Rámcový dohovor Mercosuru a Európskej únie o interregionálnej spolupráci. Andské spoločenstvo. MCCA - Mercado Común Centroamericano. 
610 2 0 |a integrácia ekonomická medzinárodná 
610 2 0 |a spolupráca medzinárodná 
610 2 0 |a organizácie medzinárodné 
610 2 0 |a trh spoločný 
610 2 0 |a liberalizácia 
610 2 0 |a Latinská Amerika 
100 1 |a Baumgartner, Boris